Riconosci il Pokémon - Quiz n°360 - Statistics

Statistiche generali
  • Questo quiz è stato fatto 1 volte
  • Il punteggio medio è 2 su 10
Statistiche sulle risposte
Indizio Risposta % Corretto
Tipo Acqua
100%
Generazione Prima
100%
Altezza 0,6 m
0%
Peso 15,0 kg
0%
Tasso di cattura 225 (39.9%)
0%
Sesso 50% ♂, 50% ♀
0%
Stadio evoluzione Forma Base
0%
Pokémon Goldeen
0%
Tasso di allevamento Medio-Veloce
0%
Abilità Nuotovelox; Idrovelo; Parafulmine
0%
Nessun quiz corrispondente trovato
Distribuzione punteggi
Percentuale di utenti per punteggio
Percentile per numero di risposta
I tuoi punteggi nel tempo
Non hai fatto questo quiz